| 000 | 00512nam a2200181 i 4500 | ||
|---|---|---|---|
| 001 | 27024 | ||
| 003 | ES-MaACL | ||
| 005 | 20230906153538.0 | ||
| 007 | t| | ||
| 008 | 030113s1971 sp ||||1| spa d | ||
| 100 | 1 |
_aAuty, Phyllis. _923981 |
|
| 245 | 1 | 0 |
_aTito / _cPhyllis Auty ; [traducción: Fernando Corripio]. |
| 250 | _a[1ª ed.]. | ||
| 260 |
_aBarcelona, etc. : _bBruguera, _c[1971] |
||
| 300 |
_a332 p., lám ; _c25 cm. |
||
| 700 | 1 |
_aCorripio, Fernando. _940787 |
|
| 852 |
_aES-MaACL _jC-37606 _bR.78850 |
||
| 999 |
_c27024 _d27024 |
||